000 00878nam a2200313Ia 4500
001 Z_5992
003 CHAP
008 220113s2007 xx 000 0 und d
010 _a169204
020 _a978-84-255-1732-7
040 _cCHAP
082 _a636.089176 S39
100 _aSchwabe, Alison
_9143635
245 _aLos dientes del caballo /
_cAlison Schwabe ; traducción Fernando Ruíz Gabás
260 _aEspaña :
_bHispano-Europea,
_c2007
300 _a31 p.
440 _aGuías fotográficas del caballo
_9143627
500 _aTítulo original del inglés: Your horse's teeth
503 _aej.1: C/E
650 _aCaballos
_xAnatomía
_9143636
650 _aCaballos
_xManuales
_9143633
700 _aI. Ruíz Gabás, Fernando, tr.
_9143638
901 _a636.089176 S39
902 _aM
910 _a2007
942 _c1
942 _cc1
999 _c169204
_d169204